Comparison the yield and growth of maize varieties confectionery BT 566, CP 888, LVN 10, leung mongkorl and kwangyeongpk; ប្រៀបធៀបទិន្នផល និងកាតលូតលាស់ពូជពោតក្រហមចំណីសត្វ BT566, CP 888, LVN 10, លឿងមង្គល និង Kwangpyeongok (Record no. 10696)

000 -LEADER
fixed length control field 00654nam a22001337a 4500
040 ## - CATALOGING SOURCE
Transcribing agency RUA
082 ## - DEWEY DECIMAL CLASSIFICATION NUMBER
Classification number AGR PIC 2015 B521 Or.
100 ## - MAIN ENTRY--AUTHOR NAME
Personal name PICH PHEAKDEY; ពេជ្រ ភក្ដី
245 ## - TITLE STATEMENT
Title Comparison the yield and growth of maize varieties confectionery BT 566, CP 888, LVN 10, leung mongkorl and kwangyeongpk; ប្រៀបធៀបទិន្នផល និងកាតលូតលាស់ពូជពោតក្រហមចំណីសត្វ BT566, CP 888, LVN 10, លឿងមង្គល និង Kwangpyeongok
260 ## - PUBLICATION, DISTRIBUTION, ETC. (IMPRINT)
Place of publication Phnom Penh
Name of publisher RUA
Year of publication 2015
300 ## - PHYSICAL DESCRIPTION
Number of Pages xi; 72;
Other physical details ill;
Dimensions 29cm;
856 ## - ELECTRONIC LOCATION AND ACCESS
Uniform Resource Identifier PICH PHEAKDEY
942 ## - ADDED ENTRY ELEMENTS (KOHA)
Koha item type AGR
952 ## - LOCATION AND ITEM INFORMATION (KOHA)
Withdrawn status [LOCAL, KOHA] 0
952 ## - LOCATION AND ITEM INFORMATION (KOHA)
Withdrawn status [LOCAL, KOHA] 0
952 ## - LOCATION AND ITEM INFORMATION (KOHA)
Withdrawn status [LOCAL, KOHA] 0
952 ## - LOCATION AND ITEM INFORMATION (KOHA)
Withdrawn status [LOCAL, KOHA] 0
952 ## - LOCATION AND ITEM INFORMATION (KOHA)
Withdrawn status [LOCAL, KOHA] 0
952 ## - LOCATION AND ITEM INFORMATION (KOHA)
Withdrawn status [LOCAL, KOHA] 0
952 ## - LOCATION AND ITEM INFORMATION (KOHA)
Withdrawn status [LOCAL, KOHA] 0
952 ## - LOCATION AND ITEM INFORMATION (KOHA)
Withdrawn status [LOCAL, KOHA] 0
952 ## - LOCATION AND ITEM INFORMATION (KOHA)
Withdrawn status [LOCAL, KOHA] 0
952 ## - LOCATION AND ITEM INFORMATION (KOHA)
Withdrawn status [LOCAL, KOHA] 0
Holdings
Permanent Location Date acquired Koha item type Lost status Shelving location Barcode Current Location Full call number
Library Block B2016-11-03AGR B521RUA061355Library Block BAGR PIC 2015 B521 Or.1
Library Block B2016-11-03AGR B521A02424Library Block BAGR PIC 2015 B521 Or.2
Library Block B2016-11-03AGR B521RUA061762Library Block BAGR PIC 2015 B521 Or.3
Library Block B2016-11-03AGR B521RUA062063Library Block BAGR PIC 2015 B521 Or.4
Library Block B2016-11-03AGR B521A01441Library Block BAGR PIC 2015 B521 Or.5
Library Block B2016-11-03AGR B521A02491Library Block BAGR PIC 2015 B521 Or.6
Library Block B2016-11-03AGR B521A02081Library Block BAGR PIC 2015 B521 Or.7
Library Block B2016-11-03AGR B521A00051Library Block BAGR PIC 2015 B521 Or.8
Library Block B2021-10-01AGR B691A066500Library Block BAGR PIC 2015 B691 Or.
Library Block B2021-10-01AGR B691A066620Library Block DAGR PIC 2015 B691 Or.
មជ្ឈមណ្ឌលឯការនៃសាកលវិទ្យាល័យភូមិន្ទកសិកម្មចំការដូង

Powered by Koha